Religion Quiz

Random Religion or Blitz Quiz

Bible 'B' Blitz Quiz Stats

 Plays Quiz Updated Sep 17, 2017

Also try: Bible 'A' Blitz
Challenge
Share
Tweet
Embed
Score 0/10 Timer 01:30
2 Plays Today
Category Answer % Correct
AnimalBull
87.2%
FoodBread
73%
Tribe of IsraelBenjamin
63.6%
Disciple of JesusBartholomew
54.4%
WomanBathsheba
52.3%
Character in RuthBoaz
46%
Prophet/ProphetessBarnabas
16.9%
High Priest breastplate stoneBeryl
15.2%
MountainBethel
10.9%
King of the Northern KingdomBaasha
5.6%

You're not logged in!

Compare scores with friends on all Sporcle quizzes.
Join for Free
OR
Log In

You Might Also Like...

Show Comments

Extras

Top Quizzes Today


Score Distribution

Your Account Isn't Verified!

In order to create a playlist on Sporcle, you need to verify the email address you used during registration. Go to your Sporcle Settings to finish the process.

Report this User

Report this user for behavior that violates our Community Guidelines.

Details: